Jugadores Kings League - Estadísticas

Estadísticas generales
  • Esta prueba ha sido intentada 19 veces
  • La puntuación promedio es 23 de 60
Estadísticas de respuestas
Hint Respuesta % Correcto
El Barrio-Ultimate Mostoles-El Barrio Cristian Ubon
77%
Porcinos-Aniquiladores Javier Espinosa
77%
Porcinos-1K Nico Santos
77%
Porcinos-Jijantes-Ultimate Mostoles Jose Segovia
69%
El Barrio-XBuyer Team-Jijantes-XBuyer Team Pablo Beguer
69%
Aniquiladores-Saiyans-PIO Dani Perez
62%
Troncos-Rayo de Barcelona-Troncos-Aniquiladores Edgar Alvaro
62%
Saiyans-Ultimate Mostoles-Jijantes-1K Feliu
62%
Saiyans-Porcinos-PIO-Saiyans Marc Briones
62%
Rayo de Barcelona-Aniquiladores-Ultimate Mostoles Mario Reyes
62%
PIO-El Barrio-Jijantes Pau Fer
62%
Troncos-Porcinos-Troncos Soriano
62%
Ultimate mostoles-Jijantes Victor Vidal
62%
XBuyer Team-Rayo de Barcelona-XBuyer Team Dani Santiago
54%
Porcinos-Ultimate Mostoles-Rayo de Barcelona-Kunisports Gabriel Cichero
54%
Aniquiladores-El Barrio-Porcinos Gilles Vidal
54%
El Barrio-Saiyans-Aniquiladores Mantovani
54%
XBuyer Team-1K-Ultimate Mostoles Marc Granero
54%
Rayo de Barcelona-Troncos-Jijantes-Porcinos Marc Pelaz
54%
El Barrio-Aniquiladores-El Barrio-Rayo de Barcelona Pau ZZ
54%
Aniquiladores-Kunisports-Real Titan-Aniquiladores-GEAR 7 Fran Hernandez
46%
Rayo de Barcelona-Aniquiladores-Kunisports Guillem ZZ
46%
Ultimate Mostoles-Porcinos-Troncos Guti
46%
XBuyer Team-Saiyans-Rayo de Barcelona Joan Poch
46%
Aniquiladores-Porcinos Nadir Louah
46%
Kunisports-El Barrio-Porcinos Torrentbo
46%
TRONCOS Verdu
46%
Ultimate Mostoles-El Barrio-Kunisports Alvaro Arche
38%
Saiyans-Ultimate Mostoles-PIO-Saiyans Gio Ferinu
38%
El Barrio-Kunisports-Rayo de Barcelona-Jijantes Nico Pareja
38%
El Barrio-Saiyans-El Barrio-Troncos Oriol Boada
38%
XBuyer Team-Jijantes-PIO Velillas
38%
Ultimate Mostoles-Troncos-Saiyans Aitor Vives
31%
Ultimate Mostoles-Rayo de Barcelona Aleix Martí
31%
1K-Rayo de Barcelona Arnalot
31%
XBuyer Team-Kunisports-El Barrio Iñaki Villalba
31%
El Barrio-Porcinos-PIO-XBuyer Team Jacobo
31%
EL BARRIO Jose Juan
31%
Troncos-Ultimate Mostoles-Rayo de Barcelona-1K Pol Lechuga
31%
Saiyans-Kunisports-PIO Campu
23%
Jijantes-XBuyer Team-Saiyans Carlos Contreras
23%
Rayo de Barcelona-Saiyans-Ultimate Mostoles Dani Liñares
23%
Porcinos-Rayo de Barcelona-Porcinos Joselete
23%
Ultimate Mostoles-PIO-XBuyer Team Juanma Gonzalez
23%
1K-Troncos-El Barrio Sorroche
23%
Porcinos-Jijantes Uri Pons
23%
Rayo de Barcelona-Aniquiladores-PIO-1K Victor Mongil
23%
PORCINOS Caligol
15%
Troncos-Porcinos Dorkis
15%
Ultimate Mostoles-Troncos-Kunisports Ian Gonzalez
15%
JIJANTES Nil Ayats
15%
Saiyans-Porcinos Temo
15%
PIO Aridai Cabrera
8%
Saiyans-Aniquiladores David Alba
8%
PIO-1K John de la Cruz
8%
Jijantes-Porcinos Noel Bayarri
8%
RAYO DE BARCELONA Poloteli
8%
Kunisports-El Barrio Robert Vallribera
8%
Rayo de Barcelona-XBuyer Team-Rayo de Barcelona Dani Perez (Pitbull)
0%
XBUYER TEAM Enigma 69
0%
No se encontraron pruebas coincidentes
Distribución de puntuación
Porcentaje de gente con cada puntuación
Porcentaje por número respondido
Historial de tus puntuaciones
No has intentado esta prueba.